Diagnostic ultrasound : (رقم التسجيلة. 22235)
[ عرض عادي ]
| 000 -الفاتح | |
|---|---|
| حقل البيانات ثابتة الطول | 03271cam a22004574a 4500 |
| 001 - رقم الضبط | |
| رقم الضبط | 16208525 |
| 003 - محدد رقم الضبط | |
| رقم الضبط | OSt |
| 005 - وقت وتاريخ اخر تعامل مع التسجيلة | |
| رقم الضبط | 20150408114024.0 |
| 008 - عناصر البيانات ثابتة الطول - معلومات عامة | |
| حقل البيانات ثابتة الطول | 100426s2010 enka b 001 0 eng |
| 010 ## - رقم ضبط مكتبة الكونجرس | |
| رقم ضبط مكتبة الكونجرس | 2010016391 |
| 015 ## - رقم الببليوجرافية الوطنية | |
| رقم الببليوجرافية الوطنية | GBB042418 |
| المصدر | bnb |
| 016 7# - رقم ضبط الوكاله الوطنية للضبط الببليوجرافي | |
| رقم ضبط التسجيلة | 101529571 |
| المصدر | DNLM |
| 016 7# - رقم ضبط الوكاله الوطنية للضبط الببليوجرافي | |
| رقم ضبط التسجيلة | 015515610 |
| المصدر | Uk |
| 020 ## - الرقم الدولى المعيارى للكتب | |
| الرقم الدولى المعيارى للكتاب | 9780521757102 (pbk.) |
| 020 ## - الرقم الدولى المعيارى للكتب | |
| الرقم الدولى المعيارى للكتاب | 052175710X (pbk.) |
| 035 ## - رقم ضبط النظام | |
| رقم ضبط النظام | (OCoLC)ocn573196525 |
| 040 ## - مصدر الفهرسة | |
| وكالة الفهرسة الأصلية | DNLM/DLC |
| وكالة النسخ | DLC |
| وكالة التعديل | YDX |
| -- | BTCTA |
| -- | YDXCP |
| -- | NLM |
| -- | UKM |
| -- | CDX |
| -- | DLC |
| 042 ## - رمز التحقق | |
| رمز التحقق | pcc |
| 050 00 - رقم طلب مكتبة الكونجرس | |
| رقم التصنيف | RC78.7.U4 |
| رقم المادة | D516 2010 |
| 060 00 - رقم الطلب بالمكتبة الطبية الوطنية | |
| رقم التصنيف | 2010 H-738 |
| 060 10 - رقم الطلب بالمكتبة الطبية الوطنية | |
| رقم التصنيف | WN 208 |
| رقم المادة | D5367 2010 |
| 082 00 - رقم تصنيف ديوى العشرى | |
| رقم التصنيف | 616.07543 |
| رقم الطبعة | 22 |
| 245 00 - بيان العنوان | |
| العنوان | Diagnostic ultrasound : |
| بقية العنوان | physics and equipment / |
| بيان المسئوليه,etc | edited by Peter Hoskins, Kevin Martin, Abigail Thrush. |
| 250 ## - بيان الطبعة | |
| بيان الطبعة | 2nd ed. |
| 260 ## - PUBLICATION, DISTRIBUTION, ETC. (IMPRINT) | |
| مكان الناشر او الموزع | Cambridge, UK ; |
| -- | New York : |
| اسم الناشر او الموزع | Cambridge University Press, |
| تاريخ النشر أو التوزيع | 2010. |
| 300 ## - الوصف المادى | |
| التعداد | xi, 263 p. : |
| تفاصيل ماديه اخرى للوعاء | ill. (some col.) ; |
| أبعاد الوعاء | 25 cm. |
| 490 1# - بيان السلسلة | |
| عنوان السلسلة | Cambridge medicine |
| 504 ## - تبصرة ببليوجرافية | |
| تبصرة ببليوجرافية,الخ | Includes bibliographical references and index. |
| 505 8# - تبصرة محتويات-الفهرس | |
| تبصرة المحتويات المصاغة | Machine generated contents note: Preface to the second edition; Preface to the first edition; 1. Introduction to B-mode imaging K. Martin; 2. Physics K. Martin and K. V. Ramnarine; 3. Transducers and beam forming K. Martin and T. A. Whittingham; 4. B-mode instrumentation K. Martin; 5. Properties, limitations and artefacts of B-mode images K. Martin; 6. B-mode measurements N. J. Dudley; 7. Principles of Doppler P. R. Hoskins; 8. Blood flow A. Thrush; 9. Spectral Doppler ultrasound A. Thrush; 10. Colour flow and tissue imaging P. R. Hoskins and A. L. Criton; 11. Quality assurance A. J. Evans and P. R. Hoskins; 12. Safety of diagnostic ultrasound F. A. Duck and A. Shaw; 13. 3D ultrasound P. R. Hoskins and T. J. MacGillivray; 14. Contrast agents C. Moran and M. Butler; 15. Elastography P. R. Hoskins; Appendices; Glossary; Index. |
| 520 ## - التبصرة الخاصة بالتعليق أو التلخيص | |
| ملخص,الخ | "All healthcare professionals practising ultrasound in a clinical setting should receive accredited training in the principles and practice of ultrasound scanning. This new edition of Diagnostic Ultrasound: Physics and Equipment provides a comprehensive introduction to the physics, technology and safety of ultrasound equipment, with high quality ultrasound images and diagrams throughout. It covers all aspects of the field at a level intended to meet the requirements of UK sonography courses. New to this edition: Updated descriptions of ultrasound technology, quality assurance and safety. Additional chapters dedicated to 3D ultrasound, contrast agents and elastography. New glossary containing definitions of over 500 terms. The editors and contributing authors are all authorities in their areas, with contributions to the scientific and professional development of ultrasound at national and international level"--Provided by publisher. |
| 650 #0 - المدخل الاضافى بالموضوع-مصطلح موضوعى | |
| مصطلح موضوعي أو اسم جغرافي كعنصر مدخل | Diagnostic ultrasonic imaging. |
| 650 12 - المدخل الاضافى بالموضوع-مصطلح موضوعى | |
| مصطلح موضوعي أو اسم جغرافي كعنصر مدخل | Ultrasonography |
| التقسيم الفرعي العام | methods. |
| 650 22 - المدخل الاضافى بالموضوع-مصطلح موضوعى | |
| مصطلح موضوعي أو اسم جغرافي كعنصر مدخل | Physical Phenomena. |
| 9 (RLIN) | 13810 |
| 650 22 - المدخل الاضافى بالموضوع-مصطلح موضوعى | |
| مصطلح موضوعي أو اسم جغرافي كعنصر مدخل | Ultrasonography |
| التقسيم الفرعي العام | instrumentation. |
| 9 (RLIN) | 13811 |
| 700 1# - المدخل الاضافى - اسم شخصى | |
| الإسم الشخصى | Hoskins, P. R. |
| الشكل الأكمل للاسم | (Peter R.) |
| 9 (RLIN) | 13812 |
| 700 1# - المدخل الاضافى - اسم شخصى | |
| الإسم الشخصى | Martin, Kevin, |
| التواريخ المصاحبة للاسم | 1948- |
| 9 (RLIN) | 13813 |
| 700 1# - المدخل الاضافى - اسم شخصى | |
| الإسم الشخصى | Thrush, Abigail. |
| 9 (RLIN) | 13814 |
| 830 #0 - المدخل الاضافى بالسلسلة -عنوان موحد | |
| عنوان موحد | Cambridge medicine. |
| 9 (RLIN) | 13815 |
| 942 ## - عناصر المدخل الإضافي( كوها) | |
| مصدر التصنيف او مخطط الترفيف | Dewey Decimal Classification |
| Koha [default] item type | كتاب |
| حالة الفقد | نموذج السعر الفعال | حالة تلف | ليس للاعارة | رقم الطلب | تاريخ الاكتساب | الموقع الحالي | الباركود | الفرع الرئيسي | Date last seen | نوع المادة فى نظام كوها | مصدر التصنيف او خطة الترفيف | Total Checkouts | Date last checked out |
|---|---|---|---|---|---|---|---|---|---|---|---|---|---|
| 2013-03-10 | 616.07543 D I U | 2012-05-13 | مكتبة كلية العلوم الطبية التطبيقية بالمجمعة - طالبات (AMF) | 00087093 | مكتبة كلية العلوم الطبية التطبيقية بالمجمعة - طالبات (AMF) | 2025-11-18 | كتاب | Dewey Decimal Classification | |||||
| 2013-03-10 | 616.07543 D I U | 2012-05-13 | مكتبة كلية العلوم الطبية التطبيقية بالمجمعة - طالبات (AMF) | 00087094 | مكتبة كلية العلوم الطبية التطبيقية بالمجمعة - طالبات (AMF) | 2025-11-18 | كتاب | Dewey Decimal Classification | |||||
| 2013-03-10 | 616.07543 D I U | 2012-05-13 | مكتبة كلية العلوم الطبية التطبيقية بالمجمعة - طالبات (AMF) | 00087095 | مكتبة كلية العلوم الطبية التطبيقية بالمجمعة - طالبات (AMF) | 2025-11-18 | كتاب | Dewey Decimal Classification | 1 | 2024-08-22 | |||
| 2013-03-10 | 616.07543 D I U | 2012-05-13 | مكتبة كلية العلوم الطبية التطبيقية بالمجمعة - طالبات (AMF) | 00087096 | مكتبة كلية العلوم الطبية التطبيقية بالمجمعة - طالبات (AMF) | 2025-11-18 | كتاب | Dewey Decimal Classification | 1 | 2024-08-22 |
